Harvard dictionary of music
Na minha lista:
| Autor principal: | |
|---|---|
| Formato: | Livro |
| Idioma: | Undetermined |
| Publicado em: |
Cambridge, Massachusetts
Harvard Univ. Press
1972
|
| Assuntos: | |
| Tags: |
Adicionar Tag
Sem tags, seja o primeiro a adicionar uma tag!
|
| Thư viện lưu trữ: | Trung tâm Học liệu Trường Đại học Cần Thơ |
|---|
| LEADER | 00490nam a2200181Ia 4500 | ||
|---|---|---|---|
| 001 | CTU_18587 | ||
| 008 | 210402s9999 xx 000 0 und d | ||
| 082 | |a 780.03 | ||
| 082 | |b A641 | ||
| 100 | |a Willi Apel | ||
| 245 | 0 | |a Harvard dictionary of music | |
| 245 | 0 | |c Willi Apel | |
| 260 | |a Cambridge, Massachusetts | ||
| 260 | |b Harvard Univ. Press | ||
| 260 | |c 1972 | ||
| 650 | |a music - dictionaries | ||
| 904 | |i Minh, 970920 | ||
| 980 | |a Trung tâm Học liệu Trường Đại học Cần Thơ | ||